Álgebra (Registro nro. 6534)
[ vista simple ]
| 000 -Cabecera | |
|---|---|
| Campo de control de longitud fija | 01021aam a2200433 4500 |
| 005 - Fecha y hora de la última transacción | |
| Campo de control | 20251107195244.0 |
| 008 - Elementos de longitud fija--Información general | |
| Campo de control de longitud fija | 150727b2006 xxu||||| |||| 00| 0 spa d |
| 020 ## - International Standard Book Number | |
| Número Internacional Estándar del Libro (ISBN) | 9972209105 |
| 041 ## - Idioma | |
| Código de idioma | Español |
| 082 ## - Clasificación Decimal Dewey | |
| Número de clasificación | 512 A394a |
| 245 ## - Título propiamente dicho | |
| Título | Álgebra |
| 260 ## - Pie de imprenta | |
| Lugar de publicación, distribución, etc. | Español |
| 260 ## - Pie de imprenta | |
| Nombre del editor, distribuidor, etc. | Lexus Editores |
| 260 ## - Pie de imprenta | |
| Fecha de publicación, distribución, etc. | 2006 |
| 300 ## - Descripción física | |
| Extensión | 415 páginas |
| 490 ## - Serie | |
| Título de la Serie | Temática General |
| 505 ## - Nota de contenido | |
| Nota de contenido | Contiene DVD N° 434 |
| 650 ## - Materia general | |
| Temática (materia general) | ÁLGEBRA |
| 650 ## - Materia general | |
| Temática (materia general) | POLINOMIOS |
| 650 ## - Materia general | |
| Temática (materia general) | EXPRESIONES ALGEBRAICAS |
| 650 ## - Materia general | |
| Temática (materia general) | DIVISIBILIDAD ALGEBRAICA |
| 650 ## - Materia general | |
| Temática (materia general) | CONCIENTES NOTABLES |
| 650 ## - Materia general | |
| Temática (materia general) | FACTORIZACIÓN |
| 650 ## - Materia general | |
| Temática (materia general) | MAXIMO COMUN DIVISOR |
| 650 ## - Materia general | |
| Temática (materia general) | MÍNIMO COMÚN MULTIPLO |
| 650 ## - Materia general | |
| Temática (materia general) | FRACCIONES |
| 650 ## - Materia general | |
| Temática (materia general) | OPERACIONES CON RAÍCES |
| 650 ## - Materia general | |
| Temática (materia general) | ECUACIONES |
| 650 ## - Materia general | |
| Temática (materia general) | DESIGUALDADES |
| 650 ## - Materia general | |
| Temática (materia general) | ARITMÉTICA |
| 650 ## - Materia general | |
| Temática (materia general) | LOGARITMOS |
| 650 ## - Materia general | |
| Temática (materia general) | INTERÉS COMPUESTO |
| 942 ## - Punto de acceso adicional KOHA | |
| Tipo de ítem KOHA | Libro |
| Fuente del sistema de clasificación o colocación | Dewey Decimal Classification |
| Signatura completa | Código de barras | Programa Académico | Tipo de ítem |
|---|---|---|---|
| 512 A394a | 11794 | Libro | |
| 512 A394a | 434DVD | DVD |